000 01256nam0a22002771 4500
001 rc\2350349
005 20260407024318.0
035 _a(NLR Aleph) 006507508
090 _a6295474
_c6295474
100 _a20110829d1977 |||y0rusy50 ca
101 0 _arus
102 _aRU
105 _aa b |||||
200 1 _a"Горизонты Красноярья-76" краевая фотовыставка
_eКаталог
_fГ. Бодряшкин
210 _aКрасноярск
_c[Б. и.]
_d1977
215 _a6 с., 12 л. ил.
_d15х17
300 _aПосвящается 60-летию Великого Октября
300 _aВ надзаг.: Ред. газ. "Краснояр. рабочий", Краев. отд-ние Союза журналистов СССР
606 _aФотография художественная, русская, советская
_xВыставки, 1976 - Красноярск
_2rkp
710 1 2 _a"Горизонты Красноярья", красноярская краевая фотовыставка
_eКрасноярск
_f1976
_9517535
_3RU\NLR\AUTH\8810009906
801 0 _aRU
_bNLR
_gpsbo
801 1 _aRU
_bELAR
_2rusmarc
852 _aNLR
_bЭ
_jКК782/1976
942 _cBOOK
980 _aNB